01692nam a2200241Ia 4500001000600000003000900006008004100015040001300056040001300069041001300082100002100095100002900116245006000145245006100205250001100266260001200277260001400289260004900303300005700352500097000409650004001379650003101419H6565IT-RoPAU130308s9999 xx 000 0 und d aIT-RoPAU cIT-RoPAU aITALIANO aBargellini Piero gCodice Aut. SPICS: 58572 aBelvedere - I - Arte greca - Panorama storico dell'arte bBelvedere - I - Arte Greca - Panorama Storico dell'arte  a1a ed. aFIRENZE bVallecchi c1957 [1° Ed.:1957 - Ed.Ling.Originale:1957] a"378 p. (prefazione: no ; testo: 378 [pagine: 0-0])" a"Belvedere. Mitico Re Minosse e palazzi reali di Creta. Moira degli Atridi e mura Megalitiche di Micene. Figli D'Elleno e Prima Età Arte Greca. rispetto X Numi e Nascita Tempio. Tempio D'Olimpia e Stile Dorico. rappresentazione dei Miti e scultura Dorica. tenda nel Portico e Tempio Ionico. Eleganzadelle Vesti e scultura Ionica. Tempio D'Egina e Statue Atleti. Mucca di Mirone e Lepre di Polignoto. Atene di Pericle e scultura di Fidia. Egemonia di Atene e canone di Policleto. Uva del pittore Zeusi e tenda suo Rivale Parrasio. Guerra Sul mare e ritorno delle Korai. Sconfitta di Atene e pathos scultore Scopa. Pace Imposta da Filippo e L'Eros di Prassitele. Preferiti D'Alessandro, Lisippo scultore e Apelle Pittore. successo dell'Ellenismo e Fine Arte Classica. Appendice: Magna Grecia e Coloni Dorici in Italia; Trinacria e Templi Sul Mare. Indici: Riassuto del Primo Volume; tavole a Colori; Illustrazioni in Nero. Nomi e Cose Notevoli; indice Generale." aSTORIA UNIVERSALE DELLE ARTI VISIVE eCodice materia Spics: 5009